| 000 | 01064nam0a22002891 4500 | ||
|---|---|---|---|
| 001 | rc\4510320 | ||
| 005 | 20260406102521.0 | ||
| 021 |
_aRU _b[60-79024] |
||
| 035 | _a(NLR Aleph) 008346757 | ||
| 090 |
_a8911750 _c8911750 |
||
| 100 | _a20130416d1960 |||y0rusy50 ca | ||
| 101 | 0 | _arus | |
| 102 | _aRU | ||
| 105 | _aa z ||||| | ||
| 200 | 1 | _aОрест Георгиевич Верейский | |
| 210 |
_aМосква _cСов. художник _d1960 |
||
| 215 |
_a203 с. _cил. _d27 |
||
| 300 | _aНа переплете авт. не указан | ||
| 320 | _aСписок основных произведений: с. 194-199 | ||
| 700 | 1 |
_4070 _7ca _8rus _aКаменский _bА. А. _f1922-1992 _gАлександр Абрамович _3RU\NLR\AUTH\770281317 _92653284 |
|
| 702 | 1 |
_4570 _8rus _7ca _aВерейский _bО. Г. _cхудожник _f1915-1993 _gОрест Георгиевич _3RU\NLR\AUTH\7784203 _967131 |
|
| 801 | 0 |
_aRU _bNLR _gpsbo |
|
| 801 | 1 |
_aRU _bELAR _2rusmarc |
|
| 852 |
_aNLR _j60-7/2341 |
||
| 942 | _cBOOK | ||
| 980 | _aNB | ||